000 00332 a2200145 4500
001 153672
040 _cEscola São Tomás de Aquino
100 _aFURNARI, Eva
240 1 0 _aA bruxinha atrapalhada
_lpor
245 1 0 _aA bruxinha atrapalhada
362 0 _a2003
440 1 _aGlobal
697 _a*LITERATURA INFANTO
942 _cBK
999 _c153672
_d153672